<?xml version="1.0" encoding="UTF-8"?>
<record
    xmlns:xsi="http://www.w3.org/2001/XMLSchema-instance"
    xsi:schemaLocation="http://www.loc.gov/MARC21/slim http://www.loc.gov/standards/marcxml/schema/MARC21slim.xsd"
    xmlns="http://www.loc.gov/MARC21/slim">

  <leader>03550cam a2200157   4500500</leader>
  <controlfield tag="005">20250118012719.0</controlfield>
  <datafield tag="041" ind1=" " ind2=" ">
    <subfield code="a">fre</subfield>
  </datafield>
  <datafield tag="042" ind1=" " ind2=" ">
    <subfield code="a">dc</subfield>
  </datafield>
  <datafield tag="100" ind1="1" ind2="0">
    <subfield code="a">Pallier, Denis</subfield>
    <subfield code="e">author</subfield>
  </datafield>
  <datafield tag="245" ind1="0" ind2="0">
    <subfield code="a">La confr&#xE9;rie Saint-Jean-l&#x2019;&#xC9;vang&#xE9;liste, confr&#xE9;rie des m&#xE9;tiers du livre &#xE0; Paris. Jalons historiques (XVIe-XVIIe si&#xE8;cle)</subfield>
  </datafield>
  <datafield tag="260" ind1=" " ind2=" ">
    <subfield code="c">2014.
							</subfield>
  </datafield>
  <datafield tag="500" ind1=" " ind2=" ">
    <subfield code="a">7</subfield>
  </datafield>
  <datafield tag="520" ind1=" " ind2=" ">
    <subfield code="a">The Confr&#xE9;rie Saint-Jean-l&#x2019;&#xC9;vang&#xE9;liste was the main Paris book trades brotherhood from 1401 to 1791. This meeting point of trades, each with its own personality, has rarely been documented in print. Drawing from archival and manuscript sources, this study describes the main stages in the brotherhood&#x2019;s history during the sixteenth and seventeen centuries. Complementary materials feature a table of the acts drawn up by the brotherhood in the sixteenth century, as well as the list of its masters and governors from 1592 to 1700. In the sixteenth century, the Church and secular authorities had grounds to be suspicious of the brotherhoods. The reviving of the Confr&#xE9;rie Saint-Jean-l&#x2019;&#xC9;vang&#xE9;liste at various dates (in 1467, 1549, 1582, and after the Holy League) show the trades&#x2019; attachment to this religious solidarity, restored and developed as soon as healthy economic conditions permitted. But the brotherhood can also be seen as an observatory of interprofessional relationships&#x2014;depending upon economical interests convergence. In 1401, the founders were writers, illuminators, booksellers and bookbinders. By the end of the sixteenth century, we notice that the manuscript trades are leaving. Parchment makers, illuminators and writers go another way. The Confr&#xE9;rie Saint-Jean-l&#x2019;&#xC9;vang&#xE9;liste becomes the brotherhood of the booksellers, bookbinders and papermakers, with a seemingly low membership of printers. With statutes and resources, the brotherhood is a professional parish organizing its patron saint feasts; it is a social place bringing together masters, wives and widows; it stresses the trades&#x2019; presence in the city, which makes it a place of power. In the sixteenth century, the brotherhood is run by representatives from the university trades organization. Each participating group elects a governor. But the first of the masters and governors is always a university libraire-jur&#xE9;. A Louis XI ordinance had entrusted those sworn persons with upholding the statutes of the &#x201C;Confr&#xE9;rie Saint-Jean-l&#x2019;&#xC9;vang&#xE9;liste&#x201D;. In the seventeenth century, the civil authorities establish the Paris community of booksellers, printers and bookbinders. It soon frees itself from the supervision of the university, whose inspection and jurisdiction rights it takes over, deleting the role of the &#x201C;libraires-jur&#xE9;s&#x201D;. When the royal power reinforces the young corporation in the 1630s, the latter applies itself to checking the accounts and elections of the religious brotherhood. In a second stage, the dominant trades, booksellers and printers, take over the government of the brotherhood, at the expense of the papermakers and, later on, of the bookbinders. As soon as 1640, and all the more so after 1670, the life of the Confr&#xE9;rie Saint-Jean-l&#x2019;&#xC9;vang&#xE9;liste bears the mark of the community. The brotherhood&#x2019;s internal workings, its resources, its ceremonies, and its religious and social role will be the subject matter of a second study.</subfield>
  </datafield>
  <datafield tag="786" ind1="0" ind2=" ">
    <subfield code="n">Bulletin du bibliophile | -  | 1 | 2014-01-01 | p. 90-132 | 0399-9742</subfield>
  </datafield>
  <datafield tag="856" ind1="4" ind2="1">
    <subfield code="u">https://shs.cairn.info/revue-bulletin-du-bibliophile-2014-1-page-90?lang=fr&amp;redirect-ssocas=7080</subfield>
  </datafield>
  <datafield tag="999" ind1=" " ind2=" ">
    <subfield code="c">334163</subfield>
    <subfield code="d">334163</subfield>
  </datafield>
</record>
